000 00813nam a2200241 a 4500
001 BRCA_8161
005 20190320210146.0
008 060514s1960----fr-a###f##---#001-0#fre-#
041 _afre
044 _afr
050 4 _aND547.5
_b.M8
_c1960
110 2 _aMusée de l´Athéne Genève
_920339
245 1 0 _aDe l´impressionnisme à l école de Paris
_cMusée de l´Athéne Genève.
260 _aGenève
_bDumaret & Galay
_c1960
300 _a1 v.
_bil. (algunas a color)
_c19 cm.
500 _aX61
520 3 _aCette exposition est organisèe au profit de lort qui fètte cette anée son 80eme aniversaire
650 1 4 _aImpresionismo
_vTécnicas
_zFrancia
_920340
650 1 4 _aArte abstracto
_vComposición
_zFrancia
_920341
650 1 4 _aArte
_vCatálogos
_zFrancia
_920342
902 _aGFM
942 _2lcc
_cB
999 _c7829
_d7829